000 00294nam a2200121Ia 4500
008 190216s9999||||xx |||||||||||||| ||und||
100 _aKunhahammad Moulavi M V
245 0 _aNupathiya Kthuthuba
260 _bAmina Book Stall
_c1976
300 _a280
650 _aIslamic History
942 _cBK
999 _c22257
_d22257